000 01115nam a2200241 i 4500
001 188628
003 SpMaBN
005 20251014063304.0
008 190115s1996 fr |||| |dfre d
020 _a978-2-7295-8772-7
080 _a1 Vanini, Giulio Cesare (043.2)
100 1 _aCaballero, Marcial,
_d1948-
_9165969
245 1 0 _aJ.C. Vanini
_b: averroïsme de Padoue et pensée libertine (une philosophine de la crise à l'âge baroque) /
_cthèse de doctorat nouveau régime présentée par Marcial Caballero sous la direction de M. Pierre Magnard.
260 _aVilleneuve d'Ascq Cedex :
_bAtelier National de Reproduction des Thèses,
_c1996.
300 _a408 p. ;
_c24 cm.
502 _aTesis--Université de Paris IV-Sorbonne, 1996.
504 _aBibliografía: p. [351]-408.
600 1 7 _aVanini, Giulio Cesare,
_d1585-1619
_2
_9165970
852 _aES-MaACL
_jA-14300
_9195759
_bR.151547
_cDEPO1
_dOlim: N-14300
_gDedicatoria autógrafa del autor
_hDonación: Marcial Caballero
903 _aCaballero, Marcial,
_d1948-
_ednr
_9165969
942 _2udc
_cMONOGRAFIA
999 _c188628
_d188628